000 00421nam a22001457a 4500
003 OSt
005 20160727222549.0
008 160714b xxu||||| |||| 00| 0 eng d
040 _cModular Activities Program in Science
100 _92861
_a Berger, C.F
245 _aModular Activities Program in Science
260 _aBoston
_b Houghton Mifflin
_c1975
300 _aModular Activities Program in Science
942 _2lcc
_cBK
999 _c2436
_d2436